| 000 | 00591cam a2200217ua 4500 | ||
|---|---|---|---|
| 001 | 11532 | ||
| 005 | 20260515114749.0 | ||
| 008 | 190930n ii |||gr||||Z||||||asm | ||
| 020 | _a9789324401014 | ||
| 040 | _cMAIN | ||
| 082 | _a891.4512 | ||
| 100 |
_aShrimanta Sankaradeva, _eAuthor. |
||
| 245 |
_aParijat haran nat _cBy Shrimanta Sankaradeva |
||
| 250 | _a1st ed. | ||
| 260 |
_aGuwahati: _bChandra prakash, _c2013. |
||
| 300 | _a88p. | ||
| 653 | _aEast Indo-European & Celtic literatures | ||
| 653 | _aAssamese Drama | ||
| 700 |
_aSubhasree Kalita Talukdar, _eEditor. |
||
| 942 | _cBK | ||
| 999 |
_c10341 _d10341 |
||